00318nam a2200121 a 4500001000400000003000500004005001700009008004100026040002000067100003500087245005400122260002000176922CDMR20130116135159.0130130s1974||||||||||||||||||||||||||||d aCDMRbcatcCDMR1 aPlana Barrabes, José María13aEl diario y la escuelacJosé Mª Plana Barrabes aBarcelonac1974